| 000 | 00828nam a2200229 a 4500 | ||
|---|---|---|---|
| 005 | 20210223130754.0 | ||
| 008 | 081103s1981 mx r 000 0 spa d | ||
| 035 | _aUPN01000164794 | ||
| 049 | _aUNE | ||
| 080 | _a371.13 =20 THO No.63. | ||
| 100 | 1 | _aThomas, R. Murray | |
| 245 | 1 | 0 |
_aRational judgements in educational development projects : _billustrated from a study of in-service teacher education / _cby R. Murray Thomas. |
| 260 |
_aParÃs : _bUNESCO ; _aNew York : _bUNICEF, _c1981. |
||
| 300 | _a9 p. | ||
| 440 | 0 |
_aNotes, comments... ; _v63 |
|
| 690 | _aDesarrollo de la educacion - Formacion de docentes | ||
| 690 | _aFormacion de docentes en ejercicio | ||
| 690 | _aProyectos educacionales - Formacion de docentes | ||
| 710 | 2 |
_aUNICEF _924085 |
|
| 710 | 2 | _aPrograma de Alimentación Mundial | |
| 905 | _aUNESCO | ||
| 999 |
_c136906 _d136906 |
||